Dictionary of botany

Bibliographic Details
Main Author: Hanson, Peter
Format: Book
Published: Kuala Lumpur : Golden Books , 2000
Subjects:

MARC

LEADER 00000cam a2200000 7i4500
001 0000005941
005 20080730.0
008 070813
020 |a 9837203781 
090 0 0 |a 503   |b HAN 
100 1 |a Hanson, Peter 
245 1 0 |a Dictionary of botany   |c Peter Hanson 
260 |a Kuala Lumpur :   |b Golden Books ,   |c 2000 
650 0 |a Botany   |x dictionaries 
999 |a 0000982581   |b Book   |c REFERENCE   |e Perbadanan Perpustakaan Awam Johor 
999 |a 0000982582   |b Book   |c REFERENCE   |e Perbadanan Perpustakaan Awam Johor